| 000 | 00715cam a22002411 4500 | ||
|---|---|---|---|
| 001 | sa 67002282 | ||
| 003 | DLC | ||
| 005 | 20260227112330.0 | ||
| 008 | 870318s1966 ii 000 0 eng | ||
| 010 | _asa 67002282 | ||
| 025 | _aPL480:I-E-7527 | ||
| 035 | _a(OCoLC)15336965 | ||
| 040 |
_aDLC _cNRU _dDLC |
||
| 042 | _apremarc | ||
| 050 | 0 | 0 |
_aDS384 _b.G6 |
| 082 | _a320.9/54 | ||
| 100 | 1 | _aGolwalkar, Madhav Sadashiv. | |
| 245 | 1 | 0 |
_aNation at war. _c[By Sri Guruji. |
| 260 |
_aKarnatak, India, _bPrakashan Vibhag, Rashtriya Swayamsevak Sangh; sole distributors: Rashtrotthana Sahitya, Bangalore, _c1966] |
||
| 300 |
_a33 p. _c19 cm. |
||
| 500 | _aCover title. | ||
| 650 | 0 | _aIndia-Pakistan Conflict, 1965. | |
| 999 |
_c73176 _d73176 |
||